| 000 | 00780nam a2200241 i 4500 | ||
|---|---|---|---|
| 001 | 000028025 | ||
| 003 | DO-SdBNP | ||
| 005 | 20231123111440.0 | ||
| 007 | ta | ||
| 008 | 110406s1987 dr a 000 0 spa d | ||
| 040 |
_aDO-SdBNP _bspa _cBNPHU _erda |
||
| 082 |
_bR426r _222 |
||
| 110 | 1 |
_aRepública Dominicana. _bSecretaría de Estado de Deportes, educación Física y Recreación _936997 |
|
| 245 | 1 | 0 | _aReglas oficiales del béisbol. |
| 264 |
_aSanto Domingo : _bSecretaría de Estado de Deportes, educación Física y Recreación , _c1987 |
||
| 300 |
_a108 paginas ; _c22 cm. |
||
| 336 |
_2rdacontent _atexto _btxt |
||
| 337 |
_2rdamedia _asin mediación _bn |
||
| 338 |
_2rdacarrier _avolumen _bnc |
||
| 590 | _aInventariado, 2023 / DG | ||
| 910 | _aDG | ||
| 942 |
_2ddc _cLBS1 |
||
| 999 |
_c55573 _d55573 |
||